00651 2200265 4500001002100000005001500021035002000036007000300056008004100059020002200100082000800122084001400130100002100144245004900165250000600214260003800220300002100258990001900279990001900298990001900317990001900336990001000355990001000365990001000375INLIS00000000000679720241202051301 a0010-0221000240ta241202 g 0 ind  a978-979-3960-54-8 a813 a813 EVI b0 aEVI RINE HARTUTI1 aBAJU BERSIH MUKA BERSERI /cEVI RINE HARTUTI a1 aYogyakarta :bHIKAMPUSTAKA,c2018 a35 ;c20 x 23 cm a00705APBD00705 a00706APBD00706 a00707APBD00707 a00708APBD00708 a01684 a01685 a01686